000
00259nam a2200109Ia 4500
008
190914s9999||||xx |||||||||||||| ||und||
100
_a
Jim Geier
245
0
_a
Wireless Networks First-Step
260
_a
New Jersey
_b
Willey
_c
1996
300
_a
816
942
_c
BK
999
_c
9526
_d
9526